[Event "Oslo GM Open"]
[Site "Oslo NOR"]
[Date "2011.10.04"]
[Round "4"]
[White "Gronnestad, Anita"]
[Black "Sousa, Ludy Helsio Paulo"]
[Result "0-1"]
[WhiteElo "1990"]
[BlackElo "2238"]
[WhiteFideId "1502972"]
[BlackFideId "1504134"]
[EventDate "2011.10.02"]

1. e4 c5 2. c3 d6 3. d4 Nd7 4. Nf3 Qc7 5. Na3 a6 6. Be3 Ngf6 7. Bd3 e5 8. h3 Be7
9. Rc1 b5 10. O-O O-O 11. Nb1 Bb7 12. Nbd2 Rfe8 13. b3 Bf8 14. d5 g6 15. Re1 Bg7
16. Nh2 Rf8 17. Be2 Kh8 18. Ng4 Ng8 19. Nf3 f5 20. Ng5 fxg4 21. Ne6 Qb8 22. Nxf8
Nxf8 23. hxg4 h6 24. Qd2 g5 25. g3 Nf6 26. f3 Qe8 27. Kg2 Qg6 28. Rh1 N8h7 29.
a4 Rf8 30. axb5 axb5 31. Bxb5 Nxe4 32. Qd3 Qf7 33. Qxe4 Bxd5 34. Bc4 Bxe4 35.
Bxf7 Bc6 36. Rhd1 Rxf7 37. Rxd6 Bxf3+ 38. Kh3 Bf8 39. Re6 Nf6 40. Rb6 Bxg4+ 41.
Kg2 Nd5 0-1

[Event "Oslo GM Open"]
[Site "Oslo NOR"]
[Date "2011.10.05"]
[Round "5.1"]
[White "Sadler, Matthew D"]
[Black "Ernst, Sipke"]
[Result "1-0"]
[WhiteTitle "GM"]
[BlackTitle "GM"]
[WhiteElo "2625"]
[BlackElo "2581"]
[WhiteFideId "400173"]
[BlackFideId "1004689"]
[EventDate "2011.10.02"]

1. d4 d5 2. c4 c6 3. Nc3 Nf6 4. e3 Bf5 5. cxd5 cxd5 6. Qb3 Bc8 7. Nf3 Nc6 8. Ne5
e6 9. f4 Be7 10. Bd3 O-O 11. O-O Nd7 12. Bd2 Ndxe5 13. fxe5 Bd7 14. Rf3 Nb4 15.
Be2 a5 16. a3 a4 17. Qd1 Nc6 18. Bd3 g6 19. Qe2 f6 20. exf6 Rxf6 21. Raf1 Kg7
22. Be1 Rxf3 23. Qxf3 Bf6 24. Bg3 Na5 25. Bc7 Qe7 26. Bd6 Qd8 27. Bc7 Qe7 28.
Bd6 Qd8 29. h4 Nc6 30. h5 Be8 31. h6+ 1-0

[Event "Oslo GM Open"]
[Site "Oslo NOR"]
[Date "2011.10.05"]
[Round "5.2"]
[White "Mikhalevski, Victor"]
[Black "Tiviakov, Sergei"]
[Result "1/2-1/2"]
[WhiteTitle "GM"]
[BlackTitle "GM"]
[WhiteElo "2542"]
[BlackElo "2647"]
[WhiteFideId "2801914"]
[BlackFideId "1008013"]
[EventDate "2011.10.02"]

1. d4 Nf6 2. c4 e6 3. g3 d5 4. Nf3 Bb4+ 5. Bd2 Be7 6. Bg2 c6 7. Qc2 b6 8. O-O
Ba6 9. b3 Nbd7 10. Rd1 Rc8 11. a4 c5 12. Na3 Bb7 13. Qb2 O-O 1/2-1/2

[Event "Oslo GM Open"]
[Site "Oslo NOR"]
[Date "2011.10.05"]
[Round "5.5"]
[White "Burmakin, Vladimir"]
[Black "Klein, David"]
[Result "1/2-1/2"]
[WhiteTitle "GM"]
[BlackTitle "FM"]
[WhiteElo "2588"]
[BlackElo "2359"]
[WhiteFideId "4105109"]
[BlackFideId "1003623"]
[EventDate "2011.10.02"]

1. d4 Nf6 2. Nf3 e6 3. g3 d5 4. Bg2 Be7 5. O-O O-O 6. c4 dxc4 7. Qc2 b5 8. a4 b4
9. Nbd2 Bb7 10. Nxc4 Be4 11. Qb3 Bd5 12. Rd1 Nc6 13. Qd3 Be4 14. Qd2 Qd5 15. b3
Na5 16. Nxa5 Qxa5 17. Ne1 Bxg2 18. Nxg2 Ne4 19. Qe1 Bf6 20. Bb2 Nc5 21. Ba3 Na6
22. e4 c5 23. e5 Be7 24. d5 exd5 25. Rxd5 Rad8 26. Ne3 Rxd5 27. Nxd5 Qd8 28.
Nxe7+ Qxe7 29. Bb2 Qe6 30. Qd1 Nc7 31. Rc1 Qf5 32. Rxc5 Ne6 33. Qc2 Qf3 34. Rc4
Ng5 35. Rc8 Nh3+ 36. Kf1 Qh1+ 37. Ke2 Ng1+ 38. Kd2 Qd5+ 39. Ke1 Nf3+ 40. Ke2
Nxh2 41. Rxf8+ Kxf8 42. Qc8+ Ke7 43. Qc7+ Ke6 44. Qd6+ Qxd6 45. exd6 g5 46. Bd4
Kxd6 47. Bxa7 g4 48. Bd4 Nf3 49. Bg7 h5 50. Ke3 h4 51. gxh4 Nxh4 52. Kf4 Nf3 53.
Bf8+ Kd5 54. Bxb4 Nd4 55. Kxg4 Nxb3 56. a5 Nc1 57. Bc3 Ne2 58. Bd2 Nd4 59. a6
Kc6 60. Be3 Nc2 61. Kf5 Nb4 62. a7 Kb7 63. Ke4 f5+ 64. Kd4 Nc6+ 65. Kd5 Nb4+ 66.
Kc4 Nc6 67. Bd4 Ne7 68. Be3 Nc6 69. Bd4 Ne7 70. Bc5 Ng6 71. Bd4 Nf4 1/2-1/2

[Event "Oslo GM Open"]
[Site "Oslo NOR"]
[Date "2011.10.05"]
[Round "5.6"]
[White "Hole, Oystein"]
[Black "Kulaots, Kaido"]
[Result "0-1"]
[WhiteTitle "IM"]
[BlackTitle "GM"]
[WhiteElo "2387"]
[BlackElo "2592"]
[WhiteFideId "1501526"]
[BlackFideId "4500261"]
[EventDate "2011.10.02"]

1. Nf3 Nf6 2. c4 g6 3. Nc3 d5 4. Qa4+ Bd7 5. Qb3 dxc4 6. Qxc4 a6 7. d4 b5 8. Qb3
c5 9. dxc5 Bg7 10. e4 O-O 11. Bf4 Bc6 12. Nd2 Nbd7 13. Qa3 Qc8 14. f3 Qb7 15. b4
Nxc5 16. Rc1 Nfd7 17. Be2 a5 18. Nb3 Nxb3 19. Qxb3 axb4 20. Qxb4 Qb6 21. Nd1
Rxa2 22. Be3 Qa6 23. Nc3 Ra3 24. Kf2 Qa5 25. Qxa5 Rxa5 26. Bd2 Bd4+ 27. Kg3 Bc5
28. Nd5 Ra2 29. Rhd1 Bxd5 30. exd5 Bd6+ 31. Kh3 Rb8 32. Rb1 b4 33. Bc4 Rc2 34.
Bb3 Rc7 35. Be3 Ra8 36. Rdc1 Rxc1 37. Rxc1 h5 38. Bd4 Kf8 39. g3 Ke8 40. Kg2 Kd8
41. f4 Ra3 42. Bc4 Bc5 43. Bxc5 Nxc5 44. Rb1 b3 45. Kf3 b2+ 46. Ke2 Rc3 47. Bb5
Rc2+ 48. Ke3 Rxh2 49. Kd4 Nb3+ 50. Kc3 Nd2 51. Kd4 0-1

[Event "Oslo GM Open"]
[Site "Oslo NOR"]
[Date "2011.10.05"]
[Round "5.9"]
[White "Gullaksen, Eirik"]
[Black "Ostmoe, Geir S. Tallaksen"]
[Result "0-1"]
[WhiteTitle "IM"]
[BlackTitle "FM"]
[WhiteElo "2376"]
[BlackElo "2443"]
[WhiteFideId "1500945"]
[BlackFideId "1502778"]
[EventDate "2011.10.02"]

1. e4 c6 2. d4 d5 3. Nc3 dxe4 4. Nxe4 Bf5 5. Ng3 Bg6 6. Bc4 e6 7. N1e2 Nf6 8.
O-O Nbd7 9. f4 Nb6 10. Bb3 Qd7 11. c4 h5 12. f5 Bxf5 13. Nxf5 exf5 14. Qd3 g6
15. a4 Rd8 16. a5 Nc8 17. Bg5 Bg7 18. Bc2 Nd6 19. Nc3 O-O 20. Rad1 Rde8 21. Bf4
Nde4 22. Na4 Rd8 23. b4 Ng4 24. d5 cxd5 25. cxd5 Rc8 26. Qb3 Qb5 27. h3 Ne5 28.
Bxe5 Bxe5 29. Bd3 Bd4+ 30. Kh2 Qe8 31. Bxe4 fxe4 32. Kh1 Qe5 33. Nc5 Rxc5 34.
bxc5 Bxc5 35. d6 Bxd6 36. Rxd6 Qxd6 37. Qxb7 Qd4 38. Qe7 f5 39. Rc1 Qg7 40. Qe6+
Kh7 41. Rc5 Rf7 42. Re5 Rc7 43. Kh2 h4 44. Qd6 Rc6 45. Qb8 Qc7 46. Qe8 Rc5 47.
Qe7+ Qxe7 48. Rxe7+ Kh6 49. Rxa7 Rc1 50. a6 Ra1 51. Ra8 Kh5 52. Rh8+ Kg5 53. Ra8
Kf4 54. Rh8 Rxa6 55. Rxh4+ Ke3 56. Kg3 Kd2 57. Rh8 Ra3+ 58. Kf4 e3 59. Rd8+ Rd3
60. Ra8 e2 0-1

[Event "Oslo GM Open"]
[Site "Oslo NOR"]
[Date "2011.10.05"]
[Round "5.10"]
[White "Gronn, Atle"]
[Black "Raznikov, Danny"]
[Result "1/2-1/2"]
[WhiteTitle "IM"]
[BlackTitle "IM"]
[WhiteElo "2378"]
[BlackElo "2433"]
[WhiteFideId "1500961"]
[BlackFideId "2811154"]
[EventDate "2011.10.02"]

1. Nf3 c5 2. c4 Nc6 3. g3 g6 4. Bg2 Bg7 5. Nc3 Nh6 6. a3 Nf5 7. Rb1 d6 8. b4 Rb8
9. Ne4 b6 10. Qa4 Bd7 11. b5 Na5 12. Qc2 Nb7 13. d3 e6 14. g4 Nd4 15. Nxd4 cxd4
16. a4 O-O 17. g5 d5 18. cxd5 exd5 19. Ng3 Be6 20. f4 Qd7 21. O-O Bh3 22. Ba3
Rbc8 23. Bxh3 Qxh3 24. Qa2 Rfd8 25. Rbc1 Nc5 26. a5 Qd7 27. Bxc5 bxc5 28. Qb3
Bf8 29. Kg2 Rb8 30. Rb1 Rdc8 31. f5 Qb7 32. a6 Qd7 33. Rf4 Be7 34. h4 Rf8 35.
Rf3 Rb6 36. f6 Bd8 37. Qa3 c4 38. Qc5 Re6 39. dxc4 dxc4 40. Qxc4 Bc7 41. Rd1
Bxg3 42. Rxg3 Rfe8 43. Rd2 Re4 44. Rc2 Qf5 45. b6 Rf4 46. Rf3 Qg4+ 47. Rg3 Qf5
48. Rf3 Qg4+ 49. Rg3 Qf5 1/2-1/2

[Event "Oslo GM Open"]
[Site "Oslo NOR"]
[Date "2011.10.06"]
[Round "6.1"]
[White "Mikhalevski, Victor"]
[Black "Sadler, Matthew D"]
[Result "0-1"]
[WhiteTitle "GM"]
[BlackTitle "GM"]
[WhiteElo "2542"]
[BlackElo "2625"]
[WhiteFideId "2801914"]
[BlackFideId "400173"]
[EventDate "2011.10.02"]

1. d4 e6 2. c4 f5 3. g3 Nf6 4. Bg2 Be7 5. Nf3 O-O 6. O-O c6 7. b3 d5 8. Ba3 Nbd7
9. Qc1 Ne4 10. e3 a5 11. Ne1 b5 12. Bxe7 Qxe7 13. c5 e5 14. f3 Nef6 15. f4 e4
16. b4 a4 17. Nc3 h6 18. a3 Kh7 19. Ra2 Rf7 20. Bh3 Nf8 21. Ng2 g6 22. Ne1 Ne6
23. Bg2 Ng7 24. Bh1 Be6 25. Rg2 g5 26. Kf2 Rg8 27. Qd2 Bd7 28. Ke2 Ne6 29. Rfg1
Rfg7 30. Kd1 Be8 31. Kc1 Bh5 32. Rf2 gxf4 33. Rxf4 Nxf4 34. exf4 e3 35. Qd3 Ne4
36. Nxe4 dxe4 37. Qxe3 Qe6 38. Kb2 Bf7 39. Nc2 0-1

[Event "Oslo GM Open"]
[Site "Oslo NOR"]
[Date "2011.10.06"]
[Round "6.5"]
[White "Ostmoe, Geir S. Tallaksen"]
[Black "Burmakin, Vladimir"]
[Result "0-1"]
[WhiteTitle "FM"]
[BlackTitle "GM"]
[WhiteElo "2443"]
[BlackElo "2588"]
[WhiteFideId "1502778"]
[BlackFideId "4105109"]
[EventDate "2011.10.02"]

1. Nf3 d5 2. d4 c6 3. c4 Nf6 4. e3 a6 5. Bd3 g6 6. O-O Bg7 7. b3 O-O 8. Bb2 Bf5
9. Nc3 Bxd3 10. Qxd3 e6 11. e4 dxe4 12. Nxe4 Nxe4 13. Qxe4 Nd7 14. Rad1 Qa5 15.
Qc2 Rfd8 16. Bc3 Qf5 17. Qxf5 gxf5 18. Rfe1 a5 19. Bd2 a4 20. d5 axb3 21. axb3
cxd5 22. cxd5 Nc5 23. dxe6 fxe6 24. b4 Ne4 25. Bg5 Rxd1 26. Rxd1 Ra1 27. Rxa1
Bxa1 28. Bf4 Bc3 29. b5 Kf7 30. Kf1 Kf6 31. Bb8 e5 32. Ke2 Ke6 33. Kd3 Ba1 34.
Kc4 h6 35. Ba7 Nd6+ 36. Kb4 Bc3+ 37. Kxc3 Nxb5+ 38. Kc4 Nxa7 39. h3 Nc8 40. Nd2
Ne7 41. g4 Nc6 42. Nf1 Nd4 43. Ng3 b6 44. Kd3 b5 45. Nh5 b4 46. Ng3 b3 47. gxf5+
Nxf5 48. Ne4 Nd4 49. Kc3 Kf5 50. Nd6+ Kf4 51. Nf7 h5 52. h4 Nf3 53. Kxb3 Nxh4
54. Kc2 Ng6 55. Kd2 Kf3 56. Ke1 Kg2 0-1

[Event "Oslo GM Open"]
[Site "Oslo NOR"]
[Date "2011.10.06"]
[Round "6.6"]
[White "Ernst, Sipke"]
[Black "Klein, David"]
[Result "1-0"]
[WhiteTitle "GM"]
[BlackTitle "FM"]
[WhiteElo "2581"]
[BlackElo "2359"]
[WhiteFideId "1004689"]
[BlackFideId "1003623"]
[EventDate "2011.10.02"]

1. d4 Nf6 2. c4 e6 3. Nf3 d5 4. Nc3 dxc4 5. e4 Bb4 6. Bg5 c5 7. Bxc4 cxd4 8.
Nxd4 Bxc3+ 9. bxc3 Qa5 10. Bxf6 Qxc3+ 11. Kf1 gxf6 12. Rc1 Qa5 13. g3 Bd7 14.
Kg2 Nc6 15. Nb5 Ne5 16. Qd6 Bxb5 17. Bxb5+ Qxb5 18. Rc7 Nd7 19. Rb1 1-0

[Event "Oslo GM Open"]
[Site "Oslo NOR"]
[Date "2011.10.06"]
[Round "6.7"]
[White "Rozentalis, Eduardas"]
[Black "Gronn, Atle"]
[Result "1-0"]
[WhiteTitle "GM"]
[BlackTitle "IM"]
[WhiteElo "2575"]
[BlackElo "2378"]
[WhiteFideId "12800023"]
[BlackFideId "1500961"]
[EventDate "2011.10.02"]

1. e4 d6 2. d4 g6 3. g3 Bg7 4. Bg2 e5 5. dxe5 dxe5 6. Qxd8+ Kxd8 7. Nc3 Be6 8.
Bg5+ Kc8 9. O-O-O Nd7 10. Bh3 Bxh3 11. Nxh3 h6 12. Be3 Ngf6 13. f3 b6 14. Nf2
Kb7 15. g4 Bf8 16. Nd3 a6 17. h4 Bd6 18. Ne2 Ne8 19. h5 g5 20. Ng3 Ng7 21. c4 a5
22. Kc2 f6 23. Nc1 Rhd8 24. Rd5 Nf8 25. Rhd1 Nfe6 26. Nce2 Nf4 27. Bxf4 gxf4 28.
Nf5 Nxf5 29. exf5 Be7 30. Rxd8 Rxd8 31. Rxd8 Bxd8 32. Kd3 Kc6 33. Nc3 Be7 34.
Nd5 Bd8 35. b3 Kd7 36. Nc3 c6 37. Ne4 Be7 38. a4 Kc7 39. Kc3 Bb4+ 40. Kc2 Be7
41. Kd3 Kc8 42. c5 bxc5 43. g5 fxg5 44. Nf2 c4+ 45. bxc4 Kd7 46. Ng4 Bf8 47.
Nxe5+ Kd6 48. Ke4 Bg7 49. Ng4 Bf8 50. f6 Ke6 51. Ne5 Kxf6 52. Nxc6 Bb4 53. Ne5
Ke6 54. Ng4 Bf8 55. Kd4 Kd6 56. c5+ Kc6 57. Ne5+ Kc7 58. Kd5 Bg7 59. Ng4 Bf8 60.
Kc4 Kc6 61. Ne5+ Kc7 62. Kb5 Bg7 63. Ng4 Bf8 64. Kxa5 Kc6 65. Kb4 Bxc5+ 66. Kc4
Bf8 67. Kd4 Kb6 68. Kd5 Ka5 69. Ke6 Kxa4 70. Kf7 Bb4 71. Nxh6 Kb3 72. Ng4 Kc2
73. h6 1-0

[Event "Oslo GM Open"]
[Site "Oslo NOR"]
[Date "2011.10.06"]
[Round "6.8"]
[White "Popilski, Gil"]
[Black "Djurhuus, Rune"]
[Result "0-1"]
[WhiteTitle "IM"]
[BlackTitle "GM"]
[WhiteElo "2381"]
[BlackElo "2458"]
[WhiteFideId "2809060"]
[BlackFideId "1500082"]
[EventDate "2011.10.02"]

1. e4 c5 2. Nf3 d6 3. d4 cxd4 4. Nxd4 Nf6 5. Nc3 g6 6. Be3 Bg7 7. f3 Nc6 8. Qd2
O-O 9. O-O-O d5 10. exd5 Nxd5 11. Nxc6 bxc6 12. Nxd5 cxd5 13. Qxd5 Qc7 14. Qc5
Qb7 15. c3 Rb8 16. Qa3 Bf5 17. Ba6 Qc6 18. Bd3 Rfc8 19. Bxf5 gxf5 20. Bc5 e6 21.
Bd6 Rb7 22. Rd3 Rd7 23. Rhd1 Rcd8 24. Kc2 e5 25. Qc5 Qa6 26. Qa3 Qc6 27. Qc5
Qa4+ 28. Kb1 Qa6 29. Rd5 e4 30. c4 Rc8 31. Qb5 Qxb5 32. Rxb5 e3 33. c5 Be5 34.
g3 e2 0-1

[Event "Oslo GM Open"]
[Site "Oslo NOR"]
[Date "2011.10.06"]
[Round "6.9"]
[White "Gabrielsen, Stig"]
[Black "Urkedal, Frode"]
[Result "0-1"]
[WhiteTitle "FM"]
[BlackTitle "IM"]
[WhiteElo "2311"]
[BlackElo "2447"]
[WhiteFideId "1501518"]
[BlackFideId "1506102"]
[EventDate "2011.10.02"]

1. e4 e5 2. Nf3 Nc6 3. Bb5 a6 4. Ba4 Nf6 5. O-O Be7 6. Re1 b5 7. Bb3 d6 8. c3
O-O 9. h3 Nb8 10. d4 Nbd7 11. Nbd2 Bb7 12. Bc2 Re8 13. Nf1 Bf8 14. Ng3 g6 15. a4
c5 16. d5 c4 17. Bg5 Bg7 18. Qd2 Nc5 19. Ra3 Qc7 20. Nh2 h5 21. Bh6 Nh7 22. Rea1
Bxh6 23. Qxh6 Qe7 24. Nf3 Rab8 25. axb5 axb5 26. Ra5 Ra8 27. Qc1 Rxa5 28. Rxa5
Ba6 29. Qa1 Qb7 30. Qa3 Qb6 31. Nd2 Nf6 32. Ngf1 Rb8 33. Qb4 Bc8 34. Ne3 Nfd7
35. Ra1 Kg7 36. Kh2 Na6 37. Qa3 Ndc5 38. Qa2 Qc7 39. Rf1 Qe7 40. Kh1 Qh4 41. Qb1
Bd7 42. Qd1 Ra8 43. Kg1 Nc7 44. Nf3 Qe7 45. Kh2 Ne8 46. Nd2 Nf6 47. Kh1 h4 48.
Qf3 Ra2 49. Rb1 Nh7 50. Qd1 Qf6 51. Qf3 Qg5 52. b3 Rxc2 53. Ndxc4 Ra2 54. Nxd6
Qe7 0-1

[Event "Oslo GM Open"]
[Site "Oslo NOR"]
[Date "2011.10.06"]
[Round "6.10"]
[White "Raznikov, Danny"]
[Black "Van Eijk, Sander"]
[Result "1/2-1/2"]
[WhiteTitle "IM"]
[BlackTitle "FM"]
[WhiteElo "2433"]
[BlackElo "2372"]
[WhiteFideId "2811154"]
[BlackFideId "1011510"]
[EventDate "2011.10.02"]

1. d4 Nf6 2. c4 e6 3. Nf3 c5 4. d5 b5 5. dxe6 fxe6 6. cxb5 a6 7. bxa6 Bxa6 8. g3
Be7 9. Bg2 Nc6 10. O-O O-O 11. Nc3 d5 12. Ng5 Qd7 13. Bh3 Nd4 14. Re1 h6 15. e3
Ne2+ 16. Qxe2 hxg5 1/2-1/2

[Event "Oslo GM Open"]
[Site "Oslo NOR"]
[Date "2011.10.06"]
[Round "6.11"]
[White "Batsiashvili, Nino"]
[Black "Aguera Naredo, Javier"]
[Result "1-0"]
[WhiteTitle "WGM"]
[BlackTitle "FM"]
[WhiteElo "2413"]
[BlackElo "2345"]
[WhiteFideId "13602993"]
[BlackFideId "2204169"]
[EventDate "2011.10.02"]

1. d4 Nf6 2. c4 c5 3. d5 b5 4. Qc2 g6 5. e4 b4 6. e5 Ng4 7. h3 Nh6 8. Bd3 d6 9.
Nf3 dxe5 10. Nxe5 Bg7 11. Bf4 Nf5 12. Nd2 O-O 13. O-O Nd4 14. Qd1 Qb6 15. Re1 a5
16. Ndf3 Nf5 17. Qd2 Ra7 18. Rad1 a4 19. Ng4 a3 20. Bxf5 gxf5 21. Nh6+ Kh8 22.
Ne5 e6 23. bxa3 f6 24. Nef7+ 1-0

[Event "Oslo GM Open"]
[Site "Oslo NOR"]
[Date "2011.10.06"]
[Round "6.12"]
[White "Welling, Gerard"]
[Black "Paikidze, Nazi"]
[Result "1/2-1/2"]
[WhiteTitle "IM"]
[BlackTitle "WGM"]
[WhiteElo "2322"]
[BlackElo "2412"]
[WhiteFideId "1000446"]
[BlackFideId "13603620"]
[EventDate "2011.10.02"]

1. d4 Nf6 2. Nf3 e6 3. e3 b6 4. Bd3 Bb7 5. c4 Be7 6. Nc3 d5 7. O-O O-O 8. b3
Nbd7 9. Bb2 c5 10. cxd5 exd5 11. Rc1 a6 12. Ne5 cxd4 13. exd4 b5 14. Qf3 Bd6 15.
Rfe1 Re8 16. Nxd7 Qxd7 17. Bf5 Rxe1+ 18. Rxe1 Re8 19. Rxe8+ Qxe8 20. Qe2 Qb8 21.
g3 Bc6 22. Bc1 h6 23. Nd1 Qb6 24. Be3 a5 1/2-1/2